| 000 | 00952nam a2200313 a 4500 | ||
|---|---|---|---|
| 003 | AR-BaBNM | ||
| 005 | 20251128210221.0 | ||
| 008 | 082120s2002 ||||||||||||||000 | spa|| | ||
| 020 | _a84-87767-69-9 | ||
| 040 | _cAR-BaBNM | ||
| 100 | 1 | _aJiménez Gámez, Rafael Angel | |
| 245 | 0 | 0 |
_aModelos de acción psicopedagógica _bentre el deseo y la realidad |
| 260 |
_aArchidona _bEdiciones Aljibe _c1997 |
||
| 300 |
_a236 p. _btablas, diagr. |
||
| 490 | 0 | _aBiblioteca de educación | |
| 500 | _aContiene referencias bibliográficas p. 221-236 | ||
| 650 | 4 | _aPSICODIAGNOSTICO | |
| 650 | 4 | _aPSICOLOGIA DE LA EDUCACION | |
| 650 | 4 | _aFUNCIONES DE LA ORIENTACION | |
| 650 | 4 | _aASESORES PEDAGOGICOS | |
| 650 | 4 | _aINTERVENCION | |
| 650 | 4 | _aLEGISLACION | |
| 653 | _aPSICOPEDAGOGIA | ||
| 653 | _aORIENTACION EDUCATIVA | ||
| 700 | 1 | _aPorras Vallejo, Ramón | |
| 700 | 1 |
_aAngulo Rasco, J. Félix _eprologuista |
|
| 942 | _cBK | ||
| 998 | _cRaquel | ||
| 999 |
_c14546 _d14546 |
||